| 000 | 01305naa a22003377a 4500 | ||
|---|---|---|---|
| 001 | BR8600960 | ||
| 003 | BR-BrBNA | ||
| 005 | 20240918175631.0 | ||
| 007 | ta | ||
| 008 | 230509b bl.||||| |||| 00| 0 por d | ||
| 040 |
_aBR-BrBNA _bpor _cBiblioteca Nacional de Agricultura |
||
| 041 | _a(Pt) | ||
| 072 |
_aM12 _b8140 |
||
| 090 | _aM12 BR8600960 | ||
| 100 | 1 | _aZuim, S.M.F. | |
| 100 | 1 | _aCrocco, T. | |
| 100 | 1 | _aMacari, M. | |
| 111 | 1 |
_a3. Simposio Brasileiro de Aquicultura _cSao Carlos, SP (Brazil) _d1984 |
|
| 245 | 1 | _aEfeito de jejum sobre o peso corporal, glicose sanguinea, acidos graxos livres e eletrolitos plasmaticos em Cyprinus carpio | |
| 246 | 1 | _a[Effect of restricted feeding on body weight, blood glucose, free fatty acids and plasma eletrolytes in Cyprinus carpio] | |
| 246 | 1 | _a[Annals of the 3. Brazilian Symposium of Aquaculture] | |
| 260 | 3 |
_aSao Carlos, SP (Brasil): _c1984. |
|
| 500 | _aAnais do 3. Simposio Brasileiro de Aquicultura Sao Carlos, SP (Brasil): 1984. p. 595-611 (BR8600960-AM)M12 | ||
| 650 | _aCARPA | ||
| 650 | _aDIETA | ||
| 650 | _aSANGUE | ||
| 650 | _aPESO | ||
| 773 | 0 |
_tAnais do 3. Simposio Brasileiro de Aquicultura _wM12 BR8600960 _gSao Carlos, SP (Brasil), 1984. p. 595-611 |
|
| 909 |
_a202404 _bLucia _c55 _dLucia Elande |
||
| 942 |
_cAM _2AGRIS |
||
| 999 |
_c317557 _d317557 |
||